Statistics for Moravskoslezský kraj - obce nad 5 tisíc obyvatel

Click here to take the quiz!

General Stats

  • This quiz has been taken 317 times
  • The average score is 18 of 33

Answer Stats

Počet obyvatelObec% Correct
288 923Ostrava
99%
56 042Frýdek-Místek
94%
57 141Opava
94%
53 743Karviná
89%
73 701Havířov
86%
35 225Třinec
79%
16 718Bruntál
74%
24 155Český Těšín
72%
23 755Nový Jičín
72%
21 375Bohumín
66%
29 848Orlová
66%
23 804Krnov
65%
22 118Kopřivnice
60%
9 918Frýdlant nad Ostravicí
58%
14 109Hlučín
58%
10 737Frenštát pod Radhoštěm
55%
5 519Jablunkov
55%
9 661Studénka
46%
8 449Příbor
43%
7 252Petřvald
39%
7 383Bílovec
38%
6 719Kravaře
38%
7 211Odry
38%
7 361Rychvald
38%
7 268Vratimov
35%
5 712Fulnek
34%
8 426Rýmařov
33%
5 813Vítkov
32%
5 453Hradec nad Moravicí
28%
6 395Šenov
22%
5 243Bystřice
18%
5 236Vrbno pod Pradědem
16%
5 213Dolní Lutyně
15%

Score Distribution

Percentile by Number Answered

Percent of People with Each Score

Your Score History

You have not taken this quiz